Countries Most Similar To Eritrea - Statistics

General Stats
  • This quiz has been taken 50 times
  • The average score is 12 of 20
Answer Stats
Rank Country Score % Correct
3 Somalia 68.5
97%
1 Ethiopia 76.1
95%
6 Djibouti 64.8
92%
2 Sudan 70.9
89%
17 Egypt 59
86%
14 Kenya 59.7
81%
8 Yemen 63.9
76%
7 Niger 64.4
70%
10 South Sudan 61.6
70%
4 Chad 68.3
65%
9 Mali 62.3
54%
5 Mauritania 65.1
54%
11 Senegal 60.6
46%
12 Cameroon 60.3
43%
18 Guinea 58.7
38%
16 Benin 59
35%
13 Burkina Faso 60.2
35%
19 Mozambique 58.3
35%
15 Angola 59.1
22%
20 Afghanistan 58.3
14%
No matching quizzes found
Score Distribution
Percent of People with Each Score
Percentile by Number Answered
Your Score History
You have not taken this quiz